Formas de Estados de EE.UU. #1 - Estadísticas

Estadísticas generales
  • Esta prueba ha sido intentada 1.401 veces
  • La puntuación promedio es 15 de 25
Estadísticas de respuestas
Imagen Respuesta % Correcto
Hawái
98%
Texas
97%
Florida
88%
Colorado
74%
Tennessee
74%
Nevada
73%
Virginia
66%
Washington
65%
Maryland
59%
Massachusetts
58%
Kentucky
57%
Vermont
56%
Illinois
54%
Utah
53%
Minnesota
51%
Alabama
50%
Nuevo México
49%
Pensilvania
48%
Delaware
47%
Montana
46%
Misuri
44%
Indiana
41%
Rhode Island
41%
Arizona
40%
Arkansas
35%
No se encontraron pruebas coincidentes
Distribución de puntuación
Porcentaje de gente con cada puntuación
Porcentaje por número respondido
Historial de tus puntuaciones
No has intentado esta prueba.